00889nam a2200217 a 4500001001000000005001700010008004100027020001500068040001800083050002100101245010400122260011900226300004800345500003400393504003200427610005900459650006000518650003700578650003200615700002400647BRCA_173120190320203527.0980504s1998 dcua---##b---#001-0#eng-# a1560989246 aDLCcDLCdDLC 4aE77.5b.S65 199810aSpirit CapturebPhotographs from the National Museum of the American Indiancedited by Tim Johnson. aWashingtonbSmithsonian Institution Press : National Museum of the American Indian : Smithsonian Institutionc1998 axvii, 205 p.bil. (algunas a color)c26 cm. aIncluye índice alfabético aBibliografía : p. 193-19524aNational Museum of the American IndianzEstados Unidos14aIndígenas de América del NortexTrabajos Ilustrados14aIndígenasxTrabajos Ilustrados14aFotografía en etnología1 aJohnson, Timd1947-